000 01671cam a22004574i 4500
003 PE-LiUPU
005 20250731173022.0
008 150623s r 000 0 d
035 _a(Sirsi) a23529
040 _aPE-LiUPU
_bspa
_cPE-LiUPU
_erda
082 0 4 _a248.4
_bL12
_221
100 1 _aLa Rondelle, Hans K.,
_eautor.
245 1 4 _aThe Biblical idea of perfection /
_cHans K. La Rondelle.
264 1 _a[s.l] :
_b[Andrews University,
_c[197 ].
300 _a136 páginas ;
_c22 cm.
336 _atext
_2rdacontent
337 _aunmediated
_2rdamedia
338 _avolume
_2rdacarrier
500 _aEl ejemplar 49163 es fotocopiado, ubicado en Centro White.
505 0 _aThe Biblical idea of perfection.
526 _aSEG42
526 _aSEG41
526 _aSEG40
526 _aSEG39
526 _aP94
526 _aP87
526 _aP86
526 _aP85
526 _aP77
526 _aP76
526 _aP35
650 0 4 _aPerfección en la biblia.
942 _2ddc
_cBOOK
949 _a248.4 L12
_wDEWEY
_c1
_i47709
_lCCODEBUL1
_mBUL
_p00.00
_r0
_sY
_tBOOK
_u2015-06-24
_xTEOLOGIA
_PP35
_0COMPRA
_o.STAFF. Colección General
949 _a248.4 L12
_wDEWEY
_c2
_i49163
_lCCODEBUL1
_mBUL
_p00.00
_r0
_sY
_tBOOK
_u2015-06-24
_xTEOLOGIA
_PP35
_0COMPRA
_o.STAFF. Colección General
596 _a1
999 _a248.4 L12
_wDEWEY
_c24217
_i47709
_f2021-11-11
_g5
_lCCODEBUL1
_mBUL
_r0
_sY
_tBOOK
_u2015-6-24
_xTEOLOGIA
_PP35
_0COMPRA
_o.STAFF. Colección General
_d24217
999 _a248.4 L12
_wDEWEY
_c2
_i49163
_lILL
_mBUL
_r0
_sY
_tBOOK
_u2015-6-24
_xTEOLOGIA
_PP35
_0COMPRA
_o.STAFF. Colección General
980 _81
_gALBERTO SANCHEZ Responsable de Automatización